Statistiken für Liga Portugal Bwin (Portugal) Top 4

Klicken Sie hier um das Quiz zu spielen!

Allgemein

  • Dieses Quiz wurde 229 mal gespielt
  • Das Durchschnittsergebnis liegt bei 6 aus 18

Antwortstatistiken

Antwort% Korrekt
FC Porto
99%
SL Benfica Lisboa
99%
Sporting CP Lisboa
99%
Sporting Clube de Braga
87%
Boavista FC
56%
Vitória Guimarães
46%
CD Nacional Funchal
37%
OS Belenenses Lisboa
31%
GD Estoril Praia
26%
FC Paços de Ferreira
20%
Académica de Coimbra
17%
Vitória Setúbal
16%
Atlético CP
3%
FC Barreirense
3%
Carcavelinhos FC
2%
GD da CUF Barreiro
2%
SC Olhanense
2%
CF Os Unidos
1%

Verteilung der Resultate

Perzentil nach korrekt beantworteten Fragen

Anzahl Personen mit jedem Resultat

Ihre Resultats-Entwicklung

Sie haben dieses Quiz noch nicht gespielt